O alternatívnych formách financovania bývania v SR
Medzi formy financovania bývania bezpochyby patrí aj financovanie rekonštrukcie bývania. Na rekonštrukciu už nepotrebujeme záložné právo, či iné zabezpečenie. Na tento účel môžeme využiť už ja bežné spotrebné úvery, ktoré ponúkajú banky, ale aj nebankové spoločnosti ako bezúčelové úvery.
Enregistré dans:
| Auteur principal: | |
|---|---|
| Autres auteurs: | |
| Format: | Chapitre de livre |
| Langue: | slovaque |
| Sujets: | |
| Tags: |
Pas de tags, Soyez le premier à ajouter un tag!
|
MARC
| LEADER | 00000nla a2200000 4500 | ||
|---|---|---|---|
| 001 | 0197664 | ||
| 005 | 20240502073335.6 | ||
| 041 | 0 | |a slo | |
| 044 | |a SK | ||
| 245 | 1 | 0 | |a O alternatívnych formách financovania bývania v SR |c Aneta Žuffová, Ctibor Pilch |
| 520 | |a Medzi formy financovania bývania bezpochyby patrí aj financovanie rekonštrukcie bývania. Na rekonštrukciu už nepotrebujeme záložné právo, či iné zabezpečenie. Na tento účel môžeme využiť už ja bežné spotrebné úvery, ktoré ponúkajú banky, ale aj nebankové spoločnosti ako bezúčelové úvery. | ||
| 610 | 2 | 0 | |a úver hypotekárny |
| 610 | 2 | 0 | |a úver spotrebiteľský |
| 610 | 2 | 0 | |a bývanie |
| 610 | 2 | 0 | |a rekonštrukcia |
| 100 | 1 | |a Žuffová, Aneta | |
| 700 | 1 | |a Pilch, Ctibor, 1957- | |